000
00401nam a2200145Ia 4500
008
100122s9999 xx 000 0 und d
082
_b
18414
_a
823
100
_a
नांगरे बलराम
245
_a
फुलवंती
260
_b
श्री.ग.रा.पाठक
_c
1967
300
_a
96
630
_a
फुलवंती
730
_a
फुलवंती
942
_c
BOOK
999
_c
407843
_d
407840